000 00818nam a2200217 a 4500
001 57190
003 BD-RjUL
005 20211209080458.0
008 161206s1987 bg ||||| |||| 00| 0 ben d
035 _a(BD-RjUL) 57314
040 _aBD-RjUL
_bben
_cBD-RjUL
041 _aben
082 _223
_a297.61
_bHAI 1987
100 _aহক, সিরাজুল
_9146959
245 1 0 _aইমাম ইবনে তাইমিয়া (রহ:) ও তার সংস্কার পরিকল্পনা /
_cসিরাজুল হক
260 _aঢাকা :
_bইসলামিক ফাউন্ডেশন,
_c১৯৮৭
300 _a২৩৮ পৃ. ;
_c১৭ সেমি.
650 _aইসলামী নেতা
_9169853
650 _aIslamic Leader
_9169854
942 _2ddc
_cBK
999 _c57190
_d57190